01010nam a22001577a 4500003000900000005001700009008004100026040002300067041000800090082001300098100002000111245007400131260005300205300002800258650056600286BDDh-ASL20231015031250.0230326s1978 no ||||| |||| 00| 0 eng d aBDDh-ASLcBDDh-ASL aeng a370bHUE1 aHusain, A.F.A. 10aEducational Development and Reform in Bangladesh / cby A.F.A. Husain aBergen, Norway : bDERAP Working Paper, c1978.  a174-276 p. : c30 cm.  0aশিক্ষা, Education, Education system, শিক্ষা ব্যবস্থা, Śikṣā byabasthā, Higher Education, উচ্চ শিক্ষা, Ucca śikṣā, উন্নত শিক্ষা, Unnata śikṣā, Advanced education, প্রাথমিক শিক্ষা, Prāthamika śikṣā, Primary education, উচ্চ মাধ্যমিক শিক্ষা, Ucca mādhyamika śikṣā, Higher secondary education, মাধ্যমিক শিক্ষা, Mādhyamika śikṣā, Secondary Education